000 00616cam a2200229 a 4500
001 499121
005 20180227054825.0
008 851104s1987 maua b 001 0 eng
010 _a 85028798
020 _a0205087205
040 _aDLC
_cDLC
_dDLC
041 _aeng
043 _an-us---
080 _a320.473
082 0 0 _a320.473 GRA
_220
100 1 _a20
101 _aSHP
245 1 0 _aState and local government in America /
_cDaniel R. Grant, Lloyd B. Omdahl.
504 _aIncludes bibliographical references and index.
906 _a7
_bcbc
_corignew
_d1
_eocip
_f19
_gy-gencatlg
942 _2ddc
_cBK
999 _c43586
_d43586